[Event "PRO League KO Stage"]
[Site "chess.com INT"]
[Date "2017.03.08"]
[Round "2"]
[White "Charbonneau, Pascal"]
[Black "Caruana, Fabiano"]
[Result "0-1"]
[WhiteElo "2505"]
[BlackElo "2817"]
[PlyCount "110"]
[GameId "2130307635420297"]
[EventDate "2017.03.01"]
[EventType "k.o."]
[EventRounds "5"]
[EventCountry "USA"]
[SourceTitle "The Week in Chess 1166"]
[Source "Mark Crowther"]
[SourceDate "2017.03.13"]
[SourceVersion "1"]
[SourceVersionDate "2017.03.13"]
[SourceQuality "2"]
[WhiteTeam "Montclair Sopranos"]
[BlackTeam "Montreal ChessBrahs"]

1. c4 e5 2. Nc3 Bb4 3. Qc2 Nc6 4. e3 Nf6 5. a3 Bxc3 6. Qxc3 d5 7. cxd5 Qxd5 8. b4 Be6 9. b5 Nd4 10. Bb2 O-O-O 11. Rc1 Rd7 12. exd4 exd4 13. Qc5 Qe4+ 14. Ne2 b6 15. Qb4 Re8 16. f3 Qh4+ 17. g3 Qh5 18. Kf2 Bd5 19. Bg2 Bb7 20. Nf4 Qh6 21. Rhe1 Rxe1 22. Rxe1 g5 23. Bh3 gxf4 24. Bxd7+ Kxd7 25. Qxd4+ Nd5 26. Kg2 f6 27. Qd3 fxg3 28. hxg3 Qg5 29. Qe4 Kd6 30. d4 Bc8 31. Bc1 Qg8 32. Bf4+ Kd7 33. Rh1 Kd8 34. Kf2 Nc3 35. Qc2 Nxb5 36. Rxh7 Bd7 37. Rh6 c6 38. d5 Qxd5 39. Kg2 Kc8 40. Rxf6 Nd4 41. Rf8+ Kb7 42. Qd3 c5 43. Rb8+ Kc6 44. Rf8 Bf5 45. Rf6+ Kb7 46. Qe3 Qa2+ 47. Qf2 Bh3+ 48. Kg1 Qb1+ 49. Kh2 Be6 50. Rh6 Bd5 51. g4 Nxf3+ 52. Kg3 Nd4 53. Be5 Qd3+ 54. Kh4 Nf3+ 55. Kh5 Bf7+ 0-1

[Event "PRO League KO Stage"]
[Site "chess.com INT"]
[Date "2017.03.08"]
[Round "2"]
[White "Charbonneau, Pascal"]
[Black "Oussedik, Elias"]
[Result "1/2-1/2"]
[WhiteElo "2505"]
[BlackElo "2155"]
[PlyCount "152"]
[GameId "2130307635420298"]
[EventDate "2017.03.01"]
[EventType "k.o."]
[EventRounds "5"]
[EventCountry "USA"]
[SourceTitle "The Week in Chess 1166"]
[Source "Mark Crowther"]
[SourceDate "2017.03.13"]
[SourceVersion "1"]
[SourceVersionDate "2017.03.13"]
[SourceQuality "2"]
[WhiteTeam "Montclair Sopranos"]
[BlackTeam "Montreal ChessBrahs"]

1. c4 c5 2. Nc3 b6 3. Nf3 Bb7 4. g3 Nf6 5. Bg2 e6 6. O-O d6 7. Re1 a6 8. e4 Qc7 9. d4 cxd4 10. Nxd4 Nbd7 11. Be3 Be7 12. Rc1 O-O 13. b3 Rfe8 14. h3 Rac8 15. g4 Nc5 16. Qc2 g6 17. Nde2 Qb8 18. Ng3 Red8 19. g5 Ne8 20. Qe2 Bf8 21. f4 Bc6 22. b4 Nd7 23. a4 Bg7 24. Qf2 a5 25. b5 Ba8 26. Nce2 Nc5 27. f5 Nd3 28. Qf1 Nxc1 29. Rxc1 exf5 30. exf5 Bxg2 31. Qxg2 Be5 32. Qd5 Nc7 33. Qc6 Nxb5 34. Qxb5 d5 35. Bf2 d4 36. Ne4 d3 37. N2c3 d2 38. Rd1 gxf5 39. Nf6+ Bxf6 40. gxf6 Qf4 41. Nd5 Qg5+ 42. Kf1 Kh8 43. Qb3 Rg8 44. Ne7 Qg2+ 45. Ke2 Qe4+ 46. Qe3 Qxc4+ 47. Kf3 Qxa4 48. Rxd2 Rce8 49. Qd4 Qb3+ 50. Rd3 Qe6 51. Re3 Qa2 52. Re2 Qb3+ 53. Re3 Qa2 54. Nxg8 Rxg8 55. Re2 Qb3+ 56. Be3 b5 57. Rb2 Qa3 58. Rxb5 Qa2 59. Rb2 Qe6 60. Rc2 Qa6 61. Qc4 Qb7+ 62. Qc6 Qb1 63. Rc1 Qb8 64. Bf4 Qb3+ 65. Qc3 Qb7+ 66. Qc6 Qb3+ 67. Ke2 Qb2+ 68. Rc2 Qb3 69. Kd2 Qxh3 70. Kc1 Qg4 71. Qc7 Qg1+ 72. Kb2 Qd4+ 73. Ka2 Qa4+ 74. Kb2 Qd4+ 75. Ka2 Qa4+ 76. Kb2 Qd4+ 1/2-1/2

[Event "PRO League Atlantic"]
[Site "chess.com INT"]
[Date "2017.01.11"]
[Round "1"]
[White "Charbonneau, Pascal"]
[Black "Noritsyn, Nikolay"]
[Result "1-0"]
[WhiteElo "2505"]
[BlackElo "2468"]
[PlyCount "65"]
[GameId "2130307636750021"]
[EventDate "2017.01.11"]
[EventType "team"]
[EventRounds "7"]
[EventCountry "USA"]
[SourceTitle "The Week in Chess 1158"]
[Source "Mark Crowther"]
[SourceDate "2017.01.16"]
[SourceVersion "1"]
[SourceVersionDate "2017.01.16"]
[SourceQuality "2"]
[WhiteTeam "Montclair Sopranos"]
[BlackTeam "Toronto Dragons"]

1. d4 e6 2. c4 d5 3. Nc3 c6 4. e3 Nf6 5. Nf3 Nbd7 6. Bd3 dxc4 7. Bxc4 b5 8. Bd3 a6 9. a4 Bb7 10. O-O b4 11. Ne4 c5 12. Nxf6+ Qxf6 13. e4 cxd4 14. Bg5 Qg6 15. Rc1 h6 16. Bh4 Bxe4 17. Bxe4 Qxe4 18. Re1 Qd5 19. Nxd4 g5 20. Nxe6 Qxd1 21. Nc7+ Kd8 22. Rexd1 Ra7 23. Bg3 Bg7 24. Rc2 b3 25. Rcd2 Rxc7 26. Bxc7+ Kxc7 27. Rxd7+ Kb6 28. R1d3 Bxb2 29. Rxb3+ Kc6 30. Ra7 Rd8 31. Rxa6+ Kc7 32. Ra7+ Kc6 33. g3 1-0

[Event "PRO League Atlantic"]
[Site "chess.com INT"]
[Date "2017.01.11"]
[Round "1"]
[White "Charbonneau, Pascal"]
[Black "Preotu, Razvan"]
[Result "0-1"]
[WhiteElo "2505"]
[BlackElo "2495"]
[PlyCount "62"]
[GameId "2130307636750022"]
[EventDate "2017.01.11"]
[EventType "team"]
[EventRounds "7"]
[EventCountry "USA"]
[SourceTitle "The Week in Chess 1158"]
[Source "Mark Crowther"]
[SourceDate "2017.01.16"]
[SourceVersion "1"]
[SourceVersionDate "2017.01.16"]
[SourceQuality "2"]
[WhiteTeam "Montclair Sopranos"]
[BlackTeam "Toronto Dragons"]

1. d4 Nf6 2. c4 e6 3. Nc3 Bb4 4. e3 O-O 5. Nge2 d5 6. a3 Be7 7. cxd5 exd5 8. Nf4 c6 9. Bd3 a5 10. O-O Na6 11. f3 Nc7 12. Bd2 Ne6 13. Nfe2 b5 14. Be1 Ba6 15. Bf2 b4 16. Na4 bxa3 17. bxa3 c5 18. Bxa6 Rxa6 19. dxc5 Nxc5 20. Nac3 a4 21. Nd4 Qd7 22. Qc2 Rc8 23. Rfc1 Raa8 24. Rab1 Ne6 25. Ndb5 d4 26. exd4 Nd5 27. Qe4 Nef4 28. Bg3 f5 29. Qc2 Nxc3 30. Nxc3 Rxc3 31. Qa2+ Qd5 0-1

[Event "PRO League Atlantic"]
[Site "chess.com INT"]
[Date "2017.01.11"]
[Round "1"]
[White "Roussel-Roozmon, Thomas"]
[Black "Charbonneau, Pascal"]
[Result "0-1"]
[WhiteElo "2463"]
[BlackElo "2505"]
[PlyCount "130"]
[GameId "2130307636750054"]
[EventDate "2017.01.11"]
[EventType "team"]
[EventRounds "7"]
[EventCountry "USA"]
[SourceTitle "The Week in Chess 1158"]
[Source "Mark Crowther"]
[SourceDate "2017.01.16"]
[SourceVersion "1"]
[SourceVersionDate "2017.01.16"]
[SourceQuality "2"]
[WhiteTeam "Toronto Dragons"]
[BlackTeam "Montclair Sopranos"]

1. c4 Nf6 2. g3 c6 3. Bg2 d5 4. Nf3 g6 5. b3 Bg7 6. Bb2 O-O 7. O-O Bg4 8. d3 Nbd7 9. Nbd2 a5 10. h3 Bxf3 11. Nxf3 e6 12. Qc2 Ne8 13. cxd5 Bxb2 14. Qxb2 exd5 15. a3 Nd6 16. b4 Re8 17. e3 Qe7 18. Rfc1 Ne5 19. Qd4 Qf6 20. Nxe5 Qxe5 21. Qxe5 Rxe5 22. Bf1 Ree8 23. Rcb1 Kg7 24. d4 axb4 25. axb4 b5 26. Bd3 Nc4 27. h4 f5 28. Rc1 Kf6 29. Kf1 Ke7 30. Ke2 Kd6 31. Kd1 Rf8 32. Ke2 Kc7 33. Bc2 Nd6 34. Bd3 Kb6 35. Bc2 Nc4 36. Bb3 h5 37. Bc2 Rfe8 38. Bb3 Rf8 39. Bc2 Nd6 40. Bd3 Ra4 41. Rxa4 bxa4 42. Ra1 Ra8 43. Kf3 Nc4 44. Kf4 Kb5 45. Kg5 Kxb4 46. Kxg6 a3 47. Kxh5 a2 48. Kg6 Kc3 49. Bxf5 Kb2 50. Rxa2+ Rxa2 51. h5 Kc3 52. h6 Rxf2 53. h7 Rh2 54. Kg7 Nxe3 55. g4 Kxd4 56. Bd7 c5 57. g5 Nc4 58. g6 Ne5 59. Be8 c4 60. h8=Q Rxh8 61. Kxh8 Nxg6+ 62. Bxg6 Ke3 63. Kg7 d4 64. Kf6 c3 65. Ke5 d3 0-1

[Event "PRO League Atlantic"]
[Site "chess.com INT"]
[Date "2017.01.11"]
[Round "1"]
[White "Sambuev, Bator"]
[Black "Charbonneau, Pascal"]
[Result "0-1"]
[WhiteElo "2539"]
[BlackElo "2505"]
[PlyCount "134"]
[GameId "2130307636750055"]
[EventDate "2017.01.11"]
[EventType "team"]
[EventRounds "7"]
[EventCountry "USA"]
[SourceTitle "The Week in Chess 1158"]
[Source "Mark Crowther"]
[SourceDate "2017.01.16"]
[SourceVersion "1"]
[SourceVersionDate "2017.01.16"]
[SourceQuality "2"]
[WhiteTeam "Toronto Dragons"]
[BlackTeam "Montclair Sopranos"]

1. e4 c5 2. Nf3 e6 3. b4 cxb4 4. a3 Nc6 5. d4 d5 6. e5 Bd7 7. axb4 Bxb4+ 8. c3 Ba5 9. Bd3 Nge7 10. O-O h6 11. Ba3 a6 12. Nfd2 O-O 13. Qh5 f6 14. f4 Bb6 15. Nf3 fxe5 16. fxe5 Qe8 17. Qg4 Rxf3 18. Qxf3 Nxe5 19. Qg3 Nxd3 20. Qxd3 Bb5 21. Qh3 Bxf1 22. Qxe6+ Qf7 23. Qxe7 Qxe7 24. Bxe7 Bb5 25. Na3 Bd3 26. Rd1 Be4 27. Rd2 Re8 28. Bb4 Bc7 29. Re2 b6 30. Nc2 Kf7 31. Rf2+ Ke6 32. Ne3 a5 33. Bf8 Bd6 34. Bxd6 Kxd6 35. Rf7 Re7 36. Rf8 Ra7 37. Rb8 Kc6 38. Rc8+ Kb5 39. c4+ dxc4 40. Nxc4 Bd5 41. Ne3 Bb3 42. d5 a4 43. d6 a3 44. Rc7 Ra8 45. Rc1 a2 46. Ra1 Kc6 47. Nf5 Bc4 48. Ne3 b5 49. Kf2 Kxd6 50. Ke1 Kc5 51. Kd2 Rd8+ 52. Kc2 b4 53. Rc1 Rd3 54. Nd1 b3+ 55. Kb2 Rd2+ 56. Ka3 Rc2 57. Ra1 Rxg2 58. Nb2 Rxh2 59. Rd1 g5 60. Na4+ Kc6 61. Rc1 Rc2 62. Rh1 Be6 63. Nb2 h5 64. Nd3 Kd6 65. Nb4 b2 66. Nxa2 Bxa2 67. Rd1+ Bd5 0-1

[Event "PRO League Atlantic"]
[Site "chess.com INT"]
[Date "2017.01.18"]
[Round "2"]
[White "Balakrishnan, Praveen"]
[Black "Charbonneau, Pascal"]
[Result "1/2-1/2"]
[WhiteElo "2465"]
[BlackElo "2505"]
[PlyCount "129"]
[GameId "2130307636750066"]
[EventDate "2017.01.11"]
[EventType "team"]
[EventRounds "7"]
[EventCountry "USA"]
[SourceTitle "The Week in Chess 1159"]
[Source "Mark Crowther"]
[SourceDate "2017.01.23"]
[SourceVersion "1"]
[SourceVersionDate "2017.01.23"]
[SourceQuality "2"]
[WhiteTeam "New Jersey Knockouts"]
[BlackTeam "Montclair Sopranos"]

1. e4 e5 2. Nf3 Nc6 3. Bb5 a6 4. Ba4 Nf6 5. O-O Be7 6. Re1 b5 7. Bb3 d6 8. c3 O-O 9. d4 Bg4 10. Be3 exd4 11. cxd4 d5 12. e5 Ne4 13. Nc3 Nxc3 14. bxc3 Na5 15. Bc2 Nc4 16. Bc1 Qd7 17. h3 Bh5 18. g4 Bg6 19. Bg5 a5 20. Bxe7 Qxe7 21. Bf5 b4 22. Qd3 Rab8 23. Rab1 Rb6 24. Bxg6 Rxg6 25. Kh2 Rb6 26. Nd2 Qh4 27. Kg2 Nxd2 28. Qxd2 f5 29. f3 Rg6 30. Qf2 Qxf2+ 31. Kxf2 fxg4 32. hxg4 Rxg4 33. cxb4 Rxd4 34. bxa5 Ra4 35. Rbc1 Rxa2+ 36. Re2 Rxa5 37. Rxc7 Raa8 38. Rd7 Rad8 39. e6 Rxd7 40. exd7 Kf7 41. Re5 Rd8 42. Rxd5 Ke6 43. Ra5 Rxd7 44. Kg3 g6 45. Ra6+ Kf5 46. Ra5+ Kf6 47. Ra6+ Kf5 48. Ra5+ Ke6 49. Ra6+ Kf7 50. Kg4 Kg7 51. f4 Rf7 52. Ra5 Rb7 53. Ra6 Rb1 54. Ra7+ Kh6 55. Rc7 Rg1+ 56. Kh4 Rf1 57. Kg4 Ra1 58. Kh4 Ra5 59. Kg4 Ra4 60. Kg3 Rb4 61. Kg4 Ra4 62. Kg3 Ra1 63. Kh4 Rh1+ 64. Kg4 Ra1 65. Kh4 1/2-1/2

[Event "PRO League Atlantic"]
[Site "chess.com INT"]
[Date "2017.01.18"]
[Round "2"]
[White "Benjamin, Joel"]
[Black "Charbonneau, Pascal"]
[Result "1/2-1/2"]
[WhiteElo "2544"]
[BlackElo "2505"]
[PlyCount "267"]
[GameId "2130307636750069"]
[EventDate "2017.01.11"]
[EventType "team"]
[EventRounds "7"]
[EventCountry "USA"]
[SourceTitle "The Week in Chess 1159"]
[Source "Mark Crowther"]
[SourceDate "2017.01.23"]
[SourceVersion "1"]
[SourceVersionDate "2017.01.23"]
[SourceQuality "2"]
[WhiteTeam "New Jersey Knockouts"]
[BlackTeam "Montclair Sopranos"]

1. c4 e6 2. e4 d5 3. exd5 exd5 4. cxd5 Nf6 5. Bb5+ Nbd7 6. Nc3 Be7 7. d4 O-O 8. Nf3 Nb6 9. O-O Nbxd5 10. Re1 c6 11. Bc4 Be6 12. Bb3 Re8 13. Bg5 Qb6 14. Qd2 Rad8 15. Rad1 Nxc3 16. bxc3 Bxb3 17. axb3 c5 18. Qc2 cxd4 19. Nxd4 Bc5 20. Nf5 Rxd1 21. Rxd1 Ne4 22. Ne7+ Bxe7 23. Qxe4 Qxb3 24. Re1 Qe6 25. Qb1 Qd7 26. Qe4 Qe6 27. Qb1 Qd7 28. Qe4 f6 29. Bf4 Qc6 30. Qxc6 bxc6 31. Re6 a5 32. Rxc6 Ra8 33. Re6 Kf7 34. Re2 a4 35. Ra2 Ke6 36. c4 a3 37. Kf1 Ra4 38. Bc1 Bc5 39. Ke1 Ke5 40. Be3 Bf8 41. c5 Kd5 42. Rd2+ Kc6 43. Ra2 Bxc5 44. Rc2 a2 45. Rxc5+ Kd6 46. Rc1 a1=Q 47. Rxa1 Rxa1+ 48. Ke2 Ke6 49. Kf3 h5 50. h4 Kf5 51. g3 Ra3 52. Kg2 Kg4 53. Bc5 Rb3 54. Be7 Rb7 55. Bd6 Kf5 56. Bc5 Rd7 57. Be3 Kg4 58. Bc1 Rb7 59. Be3 Rb3 60. Bc1 Kf5 61. Bd2 Ke4 62. Bc1 Rc3 63. Bd2 Rc2 64. Bf4 Kd3 65. Bd6 Ke2 66. Bb8 Rb2 67. Ba7 Ra2 68. Bb6 Rc2 69. Ba7 Ke1 70. Bb6 Kd1 71. Ba7 Rc7 72. Bb6 Rb7 73. Bc5 Ke2 74. Bd4 Kd3 75. Bc5 Ke4 76. Be3 Kf5 77. Bd2 g5 78. hxg5 fxg5 79. Be3 Kg4 80. Bc1 Rb3 81. Be3 Rb2 82. Bd4 Rc2 83. Be3 Kf5 84. Kf3 Rc3 85. Kg2 g4 86. Bd2 Rc2 87. Be3 Ke4 88. Bb6 Rc6 89. Be3 Rf6 90. Bg5 Rf3 91. Bd8 Kd3 92. Bb6 Ke2 93. Bc5 Rf5 94. Bb6 Rb5 95. Ba7 Rb7 96. Bc5 Rh7 97. Be3 Rf7 98. Bd4 Kd3 99. Bc5 Ke4 100. Bb6 Kf5 101. Be3 Ke4 102. Bd2 Rf3 103. Ba5 Kd3 104. Bb6 Ke2 105. Bc5 Rf5 106. Bd4 Rd5 107. Bb6 Rd2 108. Ba7 Ra2 109. Bb6 Kd3 110. Bc5 Ke4 111. Bb6 Kf5 112. Be3 Kg6 113. Bd4 Rd2 114. Be3 Rc2 115. Bf4 Kf5 116. Be3 Rc8 117. Bd4 Rc7 118. Be3 Rh7 119. Bd4 h4 120. gxh4 Rxh4 121. Bb6 Rh3 122. Bc7 Rc3 123. Bg3 Ke4 124. Bh4 Rb3 125. Bg3 Ra3 126. Bh4 Rb3 127. Bg3 Kd3 128. Bf4 Ke2 129. Bg3 Rf3 130. Bh4 Rf5 131. Bg3 Rf3 132. Bh4 Rxf2+ 133. Bxf2 g3 134. Bxg3 1/2-1/2

[Event "PRO League Atlantic"]
[Site "chess.com INT"]
[Date "2017.01.18"]
[Round "2"]
[White "Charbonneau, Pascal"]
[Black "Fishbein, Alexander"]
[Result "1-0"]
[WhiteElo "2505"]
[BlackElo "2481"]
[PlyCount "101"]
[GameId "2130307636750072"]
[EventDate "2017.01.11"]
[EventType "team"]
[EventRounds "7"]
[EventCountry "USA"]
[SourceTitle "The Week in Chess 1159"]
[Source "Mark Crowther"]
[SourceDate "2017.01.23"]
[SourceVersion "1"]
[SourceVersionDate "2017.01.23"]
[SourceQuality "2"]
[WhiteTeam "Montclair Sopranos"]
[BlackTeam "New Jersey Knockouts"]

1. d4 Nf6 2. c4 g6 3. Nc3 Bg7 4. e4 d6 5. Be2 O-O 6. Bg5 c6 7. Qd2 a6 8. Rd1 b5 9. a3 bxc4 10. Bxc4 Nbd7 11. Nf3 Nb6 12. Be2 a5 13. O-O Be6 14. e5 dxe5 15. Nxe5 Rc8 16. Bf3 Nfd5 17. Bh6 Nxc3 18. Bxg7 Kxg7 19. Qxc3 Nd5 20. Qc5 Qd6 21. Qxa5 f6 22. Nd3 Rb8 23. Rfe1 Bf5 24. Be4 Bxe4 25. Rxe4 Rfe8 26. Rde1 Rb3 27. Qd2 Reb8 28. g3 g5 29. Re6 Qc7 30. Nb4 R3xb4 31. axb4 Kf7 32. Qc2 Kg8 33. Rxc6 Qd7 34. Rc5 Rxb4 35. Qe4 Rb5 36. Qe6+ Qxe6 37. Rxe6 Kf7 38. Rxf6+ Nxf6 39. Rxb5 h6 40. b4 Ne4 41. Re5 Nd6 42. b5 Ke8 43. b6 Kd7 44. Rc5 Kd8 45. Kg2 Nb7 46. Rc6 Na5 47. Rxh6 Kc8 48. Re6 Nb3 49. Rxe7 Nxd4 50. Rg7 Ne6 51. Rg6 1-0

[Event "PRO League Atlantic"]
[Site "chess.com INT"]
[Date "2017.01.18"]
[Round "2"]
[White "Charbonneau, Pascal"]
[Black "Jacobson, Brandon"]
[Result "1-0"]
[WhiteElo "2505"]
[BlackElo "2225"]
[PlyCount "63"]
[GameId "2130307636750073"]
[EventDate "2017.01.11"]
[EventType "team"]
[EventRounds "7"]
[EventCountry "USA"]
[SourceTitle "The Week in Chess 1159"]
[Source "Mark Crowther"]
[SourceDate "2017.01.23"]
[SourceVersion "1"]
[SourceVersionDate "2017.01.23"]
[SourceQuality "2"]
[WhiteTeam "Montclair Sopranos"]
[BlackTeam "New Jersey Knockouts"]

1. d4 d5 2. c4 c6 3. Nc3 Nf6 4. e3 Bf5 5. cxd5 cxd5 6. Qb3 Nc6 7. Qxb7 Bd7 8. Qb3 Rb8 9. Qd1 e5 10. Nf3 Bd6 11. Be2 O-O 12. dxe5 Nxe5 13. O-O Qe7 14. Nd4 Rfc8 15. h3 Nc4 16. Rb1 Be5 17. Qd3 Qc5 18. Rd1 Bc7 19. f4 Ba5 20. Nb3 Qb6 21. Nxa5 Qxa5 22. b3 Nxe3 23. b4 Qc7 24. Bxe3 Qxc3 25. Bxa7 Qxd3 26. Bxd3 Ra8 27. Bd4 Rxa2 28. b5 Ne4 29. b6 Bc6 30. Rdc1 Nd6 31. Be5 Nb7 32. Bf5 1-0

[Event "PRO League Group Stage"]
[Site "chess.com INT"]
[Date "2017.02.15"]
[Round "6"]
[White "Charbonneau, Pascal"]
[Black "Wang, Jason"]
[Result "1-0"]
[WhiteElo "2505"]
[BlackElo "2006"]
[PlyCount "95"]
[GameId "2130307636796069"]
[EventDate "2017.01.11"]
[EventType "team"]
[EventRounds "7"]
[EventCountry "USA"]
[SourceTitle "The Week in Chess 1163"]
[Source "Mark Crowther"]
[SourceDate "2017.02.20"]
[SourceVersion "1"]
[SourceVersionDate "2017.02.20"]
[SourceQuality "2"]
[WhiteTeam "Montclair Sopranos"]
[BlackTeam "Columbus Cardinals"]

1. d4 d5 2. c4 dxc4 3. e3 e5 4. Bxc4 exd4 5. exd4 Bd6 6. Nf3 Nf6 7. O-O O-O 8. h3 Nc6 9. Nc3 h6 10. Qc2 Na5 11. Bd3 Be6 12. Re1 Nc6 13. a3 Ne7 14. Ne5 c6 15. Bf4 Ned5 16. Bd2 Re8 17. Na4 Qc7 18. Rac1 Rad8 19. b4 a6 20. Nc5 Bc8 21. Qb2 Nd7 22. Ncxd7 Bxd7 23. a4 Be6 24. b5 Qb6 25. a5 Qa7 26. bxc6 Bxe5 27. Rxe5 bxc6 28. Rxc6 Ne7 29. Rb6 Nc8 30. Rb4 Ne7 31. Be3 Nd5 32. Rb7 Qa8 33. Be4 f6 34. Rxe6 Rxe6 35. Bxd5 Rxd5 36. Rb8+ Qxb8 37. Qxb8+ Kh7 38. Qc8 Red6 39. h4 Rxa5 40. g4 Rad5 41. Kg2 a5 42. h5 Rd8 43. Qc2+ Kh8 44. Kf3 Ra8 45. Qc6 Rdd8 46. Qa4 Rd5 47. Ke4 Rad8 48. Qc6 1-0

[Event "PRO League Group Stage"]
[Site "chess.com INT"]
[Date "2017.02.22"]
[Round "7"]
[White "Charbonneau, Pascal"]
[Black "Pacheco, Daniel"]
[Result "1-0"]
[WhiteElo "2505"]
[BlackElo "2279"]
[PlyCount "93"]
[GameId "2130307636804477"]
[EventDate "2017.01.11"]
[EventType "team"]
[EventRounds "7"]
[EventCountry "USA"]
[SourceTitle "The Week in Chess 1164"]
[Source "Mark Crowther"]
[SourceDate "2017.02.27"]
[SourceVersion "2"]
[SourceVersionDate "2017.02.28"]
[SourceQuality "2"]
[WhiteTeam "Montclair Sopranos"]
[BlackTeam "Patagonia Penguins"]

1. d4 e6 2. c4 b6 3. e4 Bb7 4. Bd3 Nc6 5. Ne2 Nb4 6. Nbc3 Nxd3+ 7. Qxd3 g6 8. h4 Bg7 9. h5 d6 10. Be3 Qe7 11. h6 Bf8 12. O-O-O O-O-O 13. d5 e5 14. Kb1 Kb8 15. a4 Qd7 16. a5 f5 17. f4 Nf6 18. fxe5 dxe5 19. Bg5 Be7 20. Bxf6 Bxf6 21. exf5 gxf5 22. Rhf1 Bc8 23. Ng3 e4 24. Qc2 Rhf8 25. axb6 axb6 26. Nb5 Ba6 27. Nd4 Bxd4 28. Rxd4 Rde8 29. Ne2 Qd6 30. g3 Qxh6 31. Qa4 Bb7 32. Nc3 f4 33. Nb5 fxg3 34. Rxf8 Rxf8 35. Qa7+ Kc8 36. d6 Rd8 37. dxc7 Rxd4 38. Qb8+ Kd7 39. Qxb7 Rd1+ 40. Ka2 Ra1+ 41. Kxa1 Qc1+ 42. Ka2 Qxc4+ 43. b3 Qc2+ 44. Ka3 Qc1+ 45. Ka4 Qa1+ 46. Kb4 Qe1+ 47. Nc3 1-0

[Event "PRO League Group Stage"]
[Site "chess.com INT"]
[Date "2017.02.22"]
[Round "7"]
[White "Charbonneau, Pascal"]
[Black "Torres, Federico"]
[Result "1-0"]
[WhiteElo "2505"]
[BlackElo "2158"]
[PlyCount "65"]
[GameId "2130307636804478"]
[EventDate "2017.01.11"]
[EventType "team"]
[EventRounds "7"]
[EventCountry "USA"]
[SourceTitle "The Week in Chess 1164"]
[Source "Mark Crowther"]
[SourceDate "2017.02.27"]
[SourceVersion "2"]
[SourceVersionDate "2017.02.28"]
[SourceQuality "2"]
[WhiteTeam "Montclair Sopranos"]
[BlackTeam "Patagonia Penguins"]

1. e4 e5 2. Nf3 d6 3. Bc4 Nf6 4. d4 Nxe4 5. dxe5 c6 6. O-O d5 7. Bb3 Be7 8. c4 dxc4 9. Qxd8+ Bxd8 10. Bxc4 O-O 11. Re1 Nc5 12. Nc3 b5 13. Bf1 Bg4 14. Be3 Nbd7 15. Nd4 Rc8 16. h3 Be6 17. b4 Na6 18. a3 Bb6 19. Nxe6 fxe6 20. Rad1 Bxe3 21. Rxe3 Nb6 22. Ne4 Nd5 23. Ree1 c5 24. Bxb5 Nac7 25. Bd7 Rcd8 26. Nxc5 Kf7 27. Nxe6 Nxe6 28. Rxd5 Nf4 29. e6+ Ke7 30. Ra5 Ra8 31. Bc6 Rac8 32. Rxa7+ Kf6 33. e7 1-0

[Event "PRO League Group Stage"]
[Site "chess.com INT"]
[Date "2017.02.22"]
[Round "7"]
[White "Garcia Cardenas, Pablo"]
[Black "Charbonneau, Pascal"]
[Result "0-1"]
[WhiteElo "2424"]
[BlackElo "2505"]
[PlyCount "70"]
[GameId "2130307636808608"]
[EventDate "2017.01.11"]
[EventType "team"]
[EventRounds "7"]
[EventCountry "USA"]
[SourceTitle "The Week in Chess 1164"]
[Source "Mark Crowther"]
[SourceDate "2017.02.27"]
[SourceVersion "2"]
[SourceVersionDate "2017.02.28"]
[SourceQuality "2"]
[WhiteTeam "Patagonia Penguins"]
[BlackTeam "Montclair Sopranos"]

1. d4 Nf6 2. c4 e6 3. Nc3 Bb4 4. Qc2 c5 5. dxc5 O-O 6. Nf3 Bxc5 7. Bf4 b6 8. e4 Bb7 9. Bd3 Nc6 10. a3 d6 11. O-O a5 12. Rad1 Qe7 13. Be2 Rac8 14. Na4 e5 15. Be3 Bxe3 16. fxe3 Qc7 17. Nc3 Ne7 18. Nh4 Ba6 19. b3 b5 20. Qd3 bxc4 21. bxc4 Bxc4 22. Qxd6 Bxe2 23. Nxe2 Qxd6 24. Rxd6 Nxe4 25. Rd7 Rfe8 26. Ra7 Rc5 27. Rd1 g6 28. Nf3 Nd5 29. Rd3 Rb8 30. h3 Rb2 31. Nxe5 Rxe2 32. Nxf7 Rc1+ 33. Kh2 Rcc2 34. Nh6+ Kf8 35. Rf7+ Ke8 0-1

[Event "USA Chess League KO"]
[Site "ICC INT"]
[Date "2015.11.10"]
[Round "1"]
[White "Charbonneau, Pascal"]
[Black "Benjamin, Joel"]
[Result "1/2-1/2"]
[WhiteElo "2505"]
[BlackElo "2544"]
[PlyCount "124"]
[GameId "2130307650920219"]
[EventDate "2015.11.10"]
[EventType "team"]
[EventRounds "3"]
[EventCountry "USA"]
[SourceTitle "Mega2015 Update 52"]
[Source "Chessbase"]
[SourceDate "2015.11.20"]
[SourceVersion "1"]
[SourceVersionDate "2015.11.20"]
[SourceQuality "1"]
[WhiteTeam "New York"]
[BlackTeam "New Jersey"]
[WhiteTeamCountry "USA"]
[BlackTeamCountry "USA"]

1. d4 Nf6 2. c4 e6 3. Nc3 Bb4 4. e3 b6 5. Nge2 Ba6 6. Ng3 Bxc3+ 7. bxc3 d5 8. Ba3 Bxc4 9. Bxc4 dxc4 10. Qa4+ Qd7 11. Qxc4 Qc6 12. Qxc6+ Nxc6 13. c4 O-O-O 14. f3 h5 15. h4 Rhg8 16. Kf2 g5 17. Bb2 Rg6 18. Ne2 Rdg8 19. e4 gxh4 20. Nf4 Nxe4+ 21. fxe4 Rg4 22. Ke3 Rg3+ 23. Kd2 R8g4 24. Raf1 Na5 25. Bc1 Nxc4+ 26. Ke2 Nd6 27. Be3 Nxe4 28. Kd3 Nd6 29. Rf3 Nf5 30. Rh3 Rxf3 31. gxf3 Rg8 32. Bf2 Rd8 33. Ke4 Kb7 34. Ne2 c5 35. Bxh4 Rd5 36. Bf6 Nd6+ 37. Ke3 cxd4+ 38. Nxd4 Ra5 39. Rh2 e5 40. Nb3 Ra4 41. Rxh5 Rxa2 42. Bxe5 Nc4+ 43. Kd4 Ra4 44. Kc3 Nxe5 45. Rxe5 Rf4 46. Re7+ Ka6 47. Nd4 b5 48. Rd7 Kb6 49. Rd5 a6 50. Rf5 Rxf5 51. Nxf5 Kc5 52. Nh6 f6 53. Ng4 Kd5 54. Nxf6+ Ke5 55. Ne4 Kf4 56. Nd2 Ke3 57. Kb4 Kf4 58. Ka5 Ke3 59. Kxa6 b4 60. Kb5 Kxd2 61. Kxb4 Ke3 62. Kc4 Kxf3 1/2-1/2